01052nam a2200253 a 450000100060000000300090000600800410001502000180005604000280007404100080010208200160011011001000012624502150022625000110044126000320045230000110048449000160049550000480051165000420055965000620060165000530066365000410071665100410075725793CO-ViMGA141112s2004 ck r 000 u spa d a9789584219640 aCO-ViMGAbspacCO-ViMGA aSPA04a364.151 C65 aComisión Nacional de Reparación y Reconciliación (Colombia). Grupo de Memoria Histórica10aLa Masacre de Trujillo, una tragedia que no cesa : bprimer informe de Memoria Histórica de la Comisión Nacional de Reparación y Reconciliación / cComisión Nacional de Reparación y Reconciliación a1a ed. aBogotá : bTaurus, c2010 a236 p. aPensamiento aIncluye Glosario de siglas y Bibliografía14aCRIMENES DE LESA HUMANIDAD - COLOMBIA14aDERECHOS HUMANOS - TRUJILLO (VALLE DEL CAUCA, COLOMBIA) 14aMASACRES - TRUJILLO (VALLE DEL CAUCA, COLOMBIA) 14aVICTIMAS DE LA VIOLENCIA - COLOMBIA  aTRUJILLO (VALLE DEL CAUCA, COLOMBIA)